00741nam a22001697a 450000500170000002000270001708200150004410000280005924501060008725000100019326000490020327001260025230000210037894200220039999900190042195201310044020230927113727.0 a97881212910361c825.00 a3012Third aRao, C N Shankar957529 aSociology:bPrinciples of Sociology with an Introduction to Sociological Thought/cby C N Shankar Rao aThird aNew DelhibS Chand and Company Limitedc2021 aBlock B-1, House No D-1, Ground Floor, Mohan Co-operative Industrial EstatebNew Delhie110044minfo@schandpublishing.com a786p.c26cm(pbk) 2ddccENh301mRAO c198580d198580 001040708NFICaMbMd2023-09-27eGIFT/4.09.23g825.00l0o301 RAOpB-755900r2023-09-27 00:00:00t1v825.00w2023-09-27yEN